000 nam a22 a 4500
999 _c3713
_d3713
003 AKMAL
005 20170523154743.0
008 170523s1996 my | e | 000 0 may d
020 _a9830461076 (kkt.) :
_cRM5.00
039 9 _a200808221606
_bazma
_c200806261244
_daidayasmalizay
040 _aAKMAL
_cAKMAL
049 _amal
082 0 4 _a782.27088297 BAR
_222
090 0 0 _a782.27088297
_bBAR
100 1 _aAl-Barzanji, Jaafar
_97333
245 1 0 _aBarzanji :
_bterjemahan /
_cSheikh Ja'afar Al Barzanji ; terjemahan Syahrin Nasution
260 _aKuala Lumpur :
_bDarul Nu'man,
_c1996
300 _avi, 127ms. ;
_c21cm.
500 _aMengandungi ayat-ayat dari Quran
650 1 0 _aIslamic hymns
_97334
700 1 _aNasution, Syahrin
_91549
942 _2ddc
_cBOOK